Online
Catalog

Mujeres de roca y tinta ¡por un mundo de letras! : (Record no. 49350)

MARC details
000 -CABECERA
campo de control de longitud fija 01002nam a22002657a 4500
003 - IDENTIFICADOR DEL NÚMERO DE CONTROL
campo de control OSt
005 - FECHA Y HORA DE LA ÚLTIMA TRANSACCIÓN
campo de control 20220913102626.0
007 - CAMPO FIJO DE DESCRIPCIÓN FÍSICA--INFORMACIÓN GENERAL
campo de control de longitud fija ta
008 - DATOS DE LONGITUD FIJA--INFORMACIÓN GENERAL
campo de control de longitud fija 210202b2020 dr ||||| |||| 00| p spa d
020 ## - NÚMERO INTERNACIONAL ESTÁNDAR DEL LIBRO
Número Internacional Estándar del Libro 9789945914993
040 ## - FUENTE DE LA CATALOGACIÓN
Centro catalogador/agencia de origen DO-SdBNP
Lengua de catalogación spa
Centro/agencia transcriptor BNPHU
082 #4 - NÚMERO DE LA CLASIFICACIÓN DECIMAL DEWEY
Número de clasificación RD861.5
Número de documento/Ítem M953r
Número de edición 22
245 00 - MENCIÓN DE TÍTULO
Título Mujeres de roca y tinta ¡por un mundo de letras! :
Resto del título sororidad poesìa y narrativa /
Mención de responsabilidad, etc. cuidado de edición, Leibi NG y Máxima Hernández.
260 ## - PUBLICACIÓN, DISTRIBUCIÓN, ETC.
Lugar de publicación, distribución, etc. Santo Domingo :
Nombre del editor, distribuidor, etc. Poetas de la Era,
Fecha de publicación, distribución, etc. 2020.
300 ## - DESCRIPCIÓN FÍSICA
Extensión 208 p. :
Otras características físicas il. ;
Dimensiones 24 cm
590 ## - NOTA LOCAL (RLIN)
Nota local Inventariado, 2021 / DG
650 #4 - PUNTO DE ACCESO ADICIONAL DE MATERIA--TÉRMINO DE MATERIA
Término de materia o nombre geográfico como elemento de entrada Poesía dominicana
Subdivisión de forma Colecciones
650 #4 - PUNTO DE ACCESO ADICIONAL DE MATERIA--TÉRMINO DE MATERIA
Término de materia o nombre geográfico como elemento de entrada Cuentos dominicanos
Subdivisión de forma Colecciones
9 (RLIN) 146
650 #4 - PUNTO DE ACCESO ADICIONAL DE MATERIA--TÉRMINO DE MATERIA
Término de materia o nombre geográfico como elemento de entrada Literatura dominicana
Subdivisión de forma Colecciones
9 (RLIN) 7123
700 ## - PUNTO DE ACCESO ADICIONAL--NOMBRE DE PERSONA
Nombre de persona NG, Leibi, Hernàndez, Màxima
Término indicativo de función/relación Cuidado de la Edicòn
9 (RLIN) 77723
700 ## - PUNTO DE ACCESO ADICIONAL--NOMBRE DE PERSONA
Nombre de persona Medina, Ludwig S.
Término indicativo de función/relación Diagramaciòn
9 (RLIN) 77724
700 ## - PUNTO DE ACCESO ADICIONAL--NOMBRE DE PERSONA
Nombre de persona Lamarche, Rosa Esther
Término indicativo de función/relación Imagen de portada
9 (RLIN) 77725
910 ## - DATOS DE OPCIÓN DEL USUARIO (OCLC)
Datos de opción del usuario Inventariado, 2021 /DG. Validado 2022 MFF
942 ## - ELEMENTOS DE PUNTO DE ACCESO ADICIONAL (KOHA)
Fuente del sistema de clasificación o colocación Dewey Decimal Classification
Tipo de ítem Koha Libro
Holdings
Estado de retiro Estado de pérdida Fuente del sistema de clasificación o colocación Restricciones de uso No para préstamo Código de colección Localización permanente Ubicación/localización actual Ubicación en estantería Fecha de adquisición Fuente de adquisición Signatura topográfica completa Código de barras Fecha visto por última vez Precio válido a partir de Tipo de ítem Koha Número de copia
    Dewey Decimal Classification Excluido de préstamo   Patrimonio Dominicano Biblioteca Nacional Pedro Henríquez Ureña Biblioteca Nacional Pedro Henríquez Ureña Depósito 27.11.2020 Deposito Legal BNPHU PD RD861.5 M953r 2022-3903 02.02.2021 02.02.2021 Libro  
    Dewey Decimal Classification Préstamo en sala   Dominicana de Servicio Biblioteca Nacional Pedro Henríquez Ureña Biblioteca Nacional Pedro Henríquez Ureña Depósito 27.11.2020 Deposito Legal BNPHU DS RD861.5 M953r 2022-3905 02.02.2021 02.02.2021 Libro e. 3
    Dewey Decimal Classification Excluido de préstamo   Patrimonio Dominicano Biblioteca Nacional Pedro Henríquez Ureña Biblioteca Nacional Pedro Henríquez Ureña Depósito 27.11.2020 Deposito Legal BNPHU PD RD861.5 M953r 2022-3904 02.02.2021 02.02.2021 Libro e. 2
    Dewey Decimal Classification Préstamo en sala   Dominicana de Servicio Biblioteca Nacional Pedro Henríquez Ureña Biblioteca Nacional Pedro Henríquez Ureña Depósito 27.11.2020 Deposito Legal BNPHU DS RD861.5 M953r 2022-3906 02.02.2021 02.02.2021 Libro e. 4
    Dewey Decimal Classification Préstamo en sala   Dominicana de Servicio Biblioteca Nacional Pedro Henríquez Ureña Biblioteca Nacional Pedro Henríquez Ureña Depósito 27.11.2020 Deposito Legal BNPHU DS RD861.5 M953r 2022-3907 02.02.2021 02.02.2021 Libro e. 5

Powered by Koha